000
00221nam a2200085Ia 4500
245
0
_a
The tempest
100
_a
TODD, Loreto London, 1998 - [2001]
_9
78922
942
_c
BK
008
210817s9999 xx 000 0 und d
999
_c
273540
_d
273540